[Event "Innsbruck op-B 3rd"]
[Site "Innsbruck"]
[Date "2019.08.25"]
[Round "1"]
[White "Widner, Stefan"]
[Black "Pichler, Gerhard"]
[Result "1-0"]
[WhiteElo "1963"]
[BlackElo "1711"]
[PlyCount "67"]
[EventDate "2019.08.25"]
[EventType "swiss"]
[EventRounds "9"]
[EventCountry "AUT"]
[SourceTitle "EXT 2020"]
[Source "ChessBase"]
[SourceDate "2019.10.17"]
[SourceVersion "1"]
[SourceVersionDate "2019.10.17"]
[SourceQuality "1"]

1. e4 c5 2. Nf3 Nc6 3. d4 cxd4 4. Nxd4 e6 5. Be3 Nf6 6. Nd2 a6 7. Be2 d6 8. 0-0 Be7 9. c4 0-0 10. Rc1 Bd7 11. Kh1 e5 12. Nxc6 Bxc6 13. Bd3 Qd7 14. Qe2 Rac8 15. h3 h6 16. Rfd1 g5 17. g4 Kg7 18. f3 Rb8 19. Kg2 Rg8 20. Nf1 Kf8 21. Ng3 Qd8 22. Nf5 Bd7 23. Nxe7 Kxe7 24. c5 d5 25. exd5 Nxd5 26. Bc4 Nxe3+ 27. Qxe3 Qc7 28. Rd6 f6 29. Bxg8 Rxg8 30. Qb3 Rd8 31. Qd5 Bc8 32. Rd1 Re8 33. b4 b5 34. cxb6 1-0

[Event "Innsbruck op-B 2nd"]
[Site "Innsbruck"]
[Date "2018.09.01"]
[Round "9"]
[White "Pichler, Gerhard"]
[Black "Lerch, Johannes"]
[Result "1/2-1/2"]
[WhiteElo "1719"]
[BlackElo "1598"]
[PlyCount "65"]
[EventDate "2018.08.24"]
[EventType "swiss"]
[EventRounds "9"]
[EventCountry "AUT"]
[SourceTitle "CBM 186 Extra"]
[Source "ChessBase"]
[SourceDate "2018.08.24"]
[SourceVersion "1"]
[SourceVersionDate "2018.08.24"]
[SourceQuality "1"]

1. d4 d5 2. Nf3 e6 3. c4 c6 4. e3 f5 5. Ne5 Nf6 6. Nd2 Bd6 7. f4 0-0 8. Ndf3 Nbd7 9. Be2 Ne4 10. 0-0 Ndf6 11. a3 Bd7 12. Bd2 Nxd2 13. Qxd2 Ne4 14. Qe1 Be8 15. Bd3 h6 16. Bxe4 dxe4 17. Nd2 Bh5 18. c5 Bc7 19. Rc1 Kh7 20. Rf2 Rg8 21. g3 g5 22. Kh1 gxf4 23. gxf4 Qf6 24. Rg2 Rxg2 25. Kxg2 Rg8+ 26. Kh1 Qg7 27. Qf2 Bxe5 28. dxe5 Qd7 29. Rg1 Qxd2 30. Qxd2 Bf3+ 31. Rg2 Rxg2 32. Qxg2 Bxg2+ 33. Kxg2 1/2-1/2

[Event "Innsbruck op-B 2nd"]
[Site "Innsbruck"]
[Date "2018.08.27"]
[Round "4"]
[White "Pernerstorfer, Moritz"]
[Black "Pichler, Gerhard"]
[Result "1/2-1/2"]
[WhiteElo "1569"]
[BlackElo "1719"]
[PlyCount "167"]
[EventDate "2018.08.24"]
[EventType "swiss"]
[EventRounds "9"]
[EventCountry "AUT"]
[SourceTitle "CBM 186 Extra"]
[Source "ChessBase"]
[SourceDate "2018.08.24"]
[SourceVersion "1"]
[SourceVersionDate "2018.08.24"]
[SourceQuality "1"]

1. e4 c5 2. Nf3 e6 3. d4 cxd4 4. Nxd4 a6 5. Nc3 Nc6 6. Be3 Bb4 7. Be2 Nf6 8. Bf3 Qa5 9. Qd2 Ne5 10. Nb3 Qc7 11. a3 Nc4 12. Qc1 Nxa3 13. Bd2 Nc4 14. 0-0 Nxd2 15. Qxd2 Bxc3 16. bxc3 0-0 17. Ra5 e5 18. Rc5 Qb8 19. Rd1 b6 20. Rc4 Bb7 21. Qe3 Bc6 22. Rb4 b5 23. Na5 Qc7 24. Nxc6 Qxc6 25. Rd3 a5 26. Rb1 a4 27. Ra1 Rfb8 28. h3 b4 29. cxb4 Rxb4 30. c3 Rc4 31. Re1 h6 32. Qd2 Rb8 33. Ra1 Qb5 34. Ra3 Qb2 35. Qxb2 Rxb2 36. Re3 Rb1+ 37. Kh2 Rb3 38. Rxb3 axb3 39. Bd1 Rxe4 40. Bxb3 Rxe3 41. fxe3 Ne4 42. c4 Nd2 43. Ba2 d6 44. Kg3 Kf8 45. Kf2 Ke7 46. Ke2 Ne4 47. Kd3 Nc5+ 48. Ke2 f5 49. Kf3 g5 50. g3 e4+ 51. Ke2 h5 52. Bb1 Kf6 53. Kf2 Ke5 54. Ke2 f4 55. Kf2 f3 56. Bc2 d5 57. cxd5 Kxd5 58. Bb1 h4 59. Ba2+ Ke5 60. gxh4 gxh4 61. Bc4 Ne6 62. Ba6 Ng5 63. Bc8 Kd5 64. Bd7 Kc4 65. Bf5 Kd3 66. Bg4 Kc4 67. Bf5 Kd5 68. Bd7 Ne6 69. Bb5 Kd6 70. Ba6 Ke5 71. Bb5 Nc7 72. Bc4 Nd5 73. Ba2 Nc3 74. Bb3 Kd6 75. Bc2 Kd5 76. Bb3+ Ke5 77. Bc2 Nd5 78. Ba4 Nf6 79. Bc6 Nh5 80. Bb7 Ng3 81. Ba6 Kd5 82. Bb7+ Ke5 83. Ba6 Kf5 84. Bc8+ 1/2-1/2

[Event "Lienz op-B 18th"]
[Site "Lienz"]
[Date "2015.02.08"]
[Round "3"]
[White "Hoebarth, Guenter"]
[Black "Pichler, Gerhard"]
[Result "1-0"]
[WhiteElo "1954"]
[BlackElo "1822"]
[PlyCount "149"]
[EventDate "2015.02.07"]
[EventType "swiss"]
[EventRounds "9"]
[EventCountry "AUT"]
[SourceTitle "CBM 165 Extra"]
[Source "ChessBase"]
[SourceDate "2015.04.21"]
[SourceVersion "1"]
[SourceVersionDate "2015.04.21"]
[SourceQuality "1"]

1. e4 c5 2. g3 Nc6 3. Bg2 d6 4. Ne2 g6 5. c3 Bg7 6. d3 Nf6 7. h3 0-0 8. 0-0 Qc7 9. Na3 a6 10. Nc2 e5 11. Be3 Be6 12. d4 cxd4 13. cxd4 Bc4 14. d5 Bxe2 15. Qxe2 Ne7 16. Rac1 Qd7 17. Na3 b5 18. Bb6 Rfc8 19. Qd2 Qb7 20. Be3 Rxc1 21. Rxc1 Ne8 22. Qa5 Rc8 23. Rxc8 Qxc8 24. Qb6 Bf8 25. Kh2 f5 26. f3 Kh8 27. Qa7 b4 28. Nb1 Nc7 29. a4 bxa3 30. Nxa3 Ncxd5 31. exd5 Nxd5 32. Bg5 h6 33. Qf7 hxg5 34. Qxd5 Kg7 35. Nc4 Qb8 36. f4 gxf4 37. gxf4 e4 38. Qd4+ Kh7 39. Qb6 Qxb6 40. Nxb6 Bg7 41. b3 Bd4 42. Nd5 a5 43. Bf1 Kh6 44. Kg3 Bb2 45. Bb5 g5 46. fxg5+ Kxg5 47. h4+ Kh6 48. Kf4 Kh5 49. Kxf5 Kxh4 50. Kxe4 Kg5 51. Nb6 Bc3 52. Kd5 Bb4 53. Nc4 Kf6 54. Nxd6 Ke7 55. Nc4 Kd8 56. Kc6 Kc8 57. Kb6 Bc3 58. Nxa5 Bd4+ 59. Kc6 Kb8 60. Ba6 Bc3 61. Nc4 Ka7 62. Bb7 Bb4 63. Ne5 Bc3 64. Nd7 Ba5 65. Bc8 Bc3 66. Kb5 Bd4 67. Kc4 Bf2 68. b4 Be3 69. Kd5 Bf2 70. Kc6 Be3 71. b5 Bf2 72. Nc5 Kb8 73. Ba6 Bg3 74. b6 Bf4 75. Nd7+ 1-0

[Event "Graz Casino op-B"]
[Site "Graz"]
[Date "2014.02.15"]
[Round "2"]
[White "Pichler, Gerhard"]
[Black "Mujacic, Haris"]
[Result "0-1"]
[WhiteElo "1823"]
[BlackElo "1981"]
[PlyCount "36"]
[EventDate "2014.02.14"]
[EventType "swiss"]
[EventRounds "9"]
[EventCountry "AUT"]
[SourceTitle "CBM 158 Extra"]
[Source "ChessBase"]
[SourceDate "2014.02.28"]
[SourceVersion "1"]
[SourceVersionDate "2014.02.28"]
[SourceQuality "1"]

1. c4 f5 2. d4 e6 3. Nc3 Nf6 4. g3 d5 5. cxd5 exd5 6. Bg2 c6 7. Bg5 h6 8. Bxf6 Qxf6 9. e3 Bd6 10. Nge2 0-0 11. Qb3 Kh8 12. 0-0-0 Nd7 13. h4 b5 14. Nf4 Nb6 15. Nd3 a5 16. Nxb5 a4 17. Qc3 cxb5 18. Qc6 Be7 0-1

[Event "Berlin Lichtenberger op 10th"]
[Site "Berlin"]
[Date "2011.08.17"]
[Round "5"]
[White "Pichler, Gerhard"]
[Black "Stiefel, Roland"]
[Result "0-1"]
[WhiteElo "1818"]
[BlackElo "2064"]
[PlyCount "103"]
[EventDate "2011.08.13"]
[EventType "swiss"]
[EventRounds "9"]
[EventCountry "GER"]
[SourceTitle "CBM 143 Extra"]
[Source "ChessBase"]
[SourceDate "2011.08.29"]
[SourceVersion "1"]
[SourceVersionDate "2011.08.29"]
[SourceQuality "1"]

1. c4 c5 2. g3 Nf6 3. Bg2 e6 4. Nc3 Nc6 5. e3 d5 6. cxd5 exd5 7. d3 Be7 8. Nge2 0-0 9. 0-0 Bg4 10. h3 Be6 11. Nf4 Qd7 12. e4 d4 13. Nce2 b5 14. b3 Rad8 15. Nxe6 fxe6 16. f4 c4 17. a3 Na5 18. b4 cxd3 19. Qxd3 Nc4 20. e5 Nd5 21. Qxd4 Qc7 22. Qe4 a5 23. Kh2 axb4 24. axb4 Bxb4 25. Nd4 Qb6 26. f5 Nc3 27. Qc6 Qxd4 28. Qxe6+ Rf7 29. Bg5 Rdf8 30. Rae1 Qd7 31. Qxd7 Rxd7 32. e6 Ra7 33. e7 Re8 34. Bc6 Rexe7 35. Bxe7 Bxe7 36. Ra1 Rxa1 37. Rxa1 b4 38. Rc1 Bg5 39. Bd5+ Nxd5 40. Rxc4 Be7 41. Rd4 Nb6 42. Rd3 Kf7 43. Kg2 Na4 44. Kf3 Nc5 45. Rd1 b3 46. Ke3 Bf6 47. Rb1 b2 48. g4 Be5 49. Kd2 Bf4+ 50. Kc2 Bc1 51. Rxc1 bxc1Q+ 52. Kxc1 0-1

[Event "Wattens op 11th"]
[Site "Wattens"]
[Date "1996.??.??"]
[Round "1"]
[White "Pichler, Gerhard"]
[Black "Uhlmann, Wolfgang"]
[Result "0-1"]
[WhiteElo "1790"]
[BlackElo "2460"]
[PlyCount "48"]
[EventDate "1996.??.??"]
[EventType "swiss"]
[EventRounds "9"]
[EventCountry "AUT"]
[SourceTitle "EXT 2000"]
[Source "ChessBase"]
[SourceDate "1999.11.16"]
[SourceVersion "1"]
[SourceVersionDate "1999.11.16"]
[SourceQuality "1"]

1. d4 Nf6 2. c4 g6 3. Nc3 Bg7 4. e4 d6 5. h3 0-0 6. Be3 e5 7. dxe5 dxe5 8. Qxd8 Rxd8 9. Nf3 c6 10. Be2 Re8 11. 0-0-0 Nbd7 12. Rd2 Bf8 13. Rhd1 Bb4 14. Bd3 Nc5 15. Bxc5 Bxc5 16. Bc2 Nh5 17. Rd8 Be6 18. Rxa8 Rxa8 19. Nxe5 Bxf2 20. b3 Nf4 21. Kb1 Bb6 22. Nd7 Nxg2 23. Nf6+ Kg7 24. e5 Bc7 0-1

[Event "Wattens op 10th"]
[Site "Wattens"]
[Date "1995.??.??"]
[Round "?"]
[White "Moritz, Christian"]
[Black "Pichler, Gerhard"]
[Result "1/2-1/2"]
[WhiteElo "1985"]
[BlackElo "1785"]
[PlyCount "90"]
[EventDate "1995.??.??"]
[EventType "swiss"]
[EventRounds "9"]
[EventCountry "AUT"]
[SourceTitle "EXT 2000"]
[Source "ChessBase"]
[SourceDate "1999.11.16"]
[SourceVersion "1"]
[SourceVersionDate "1999.11.16"]
[SourceQuality "1"]

1. d4 Nf6 2. c4 e6 3. Nc3 d5 4. Bg5 Be7 5. cxd5 exd5 6. Qc2 c6 7. e3 0-0 8. Bd3 h6 9. Bh4 Re8 10. Nf3 Nbd7 11. 0-0 Ne4 12. Bxe7 Qxe7 13. Rae1 Ndf6 14. Ne5 Nd7 15. Bxe4 dxe4 16. f4 exf3 17. Nxf3 Nf6 18. e4 Bg4 19. e5 Nd7 20. Qe4 Be6 21. Nh4 Nb6 22. Nf5 Bxf5 23. Qxf5 Qe6 24. Qf2 Rad8 25. h3 Re7 26. Ne4 Qd5 27. Nd6 Red7 28. Nf5 Kh7 29. e6 fxe6 30. Re5 Qxe5 31. dxe5 exf5 32. Qxf5+ Kg8 33. e6 Re7 34. b3 Nd5 35. Qg6 Rf8 36. Rf7 Rfxf7 37. exf7+ Rxf7 38. Qe6 Ne7 39. Qd7 Nd5 40. Qe8+ Rf8 41. Qe6+ Rf7 42. g3 Ne7 43. Kg2 Nd5 44. a3 a6 45. b4 Ne7 1/2-1/2

[Event "Wattens op 10th"]
[Site "Wattens"]
[Date "1995.??.??"]
[Round "?"]
[White "Pichler, Gerhard"]
[Black "Michel, Jan"]
[Result "1-0"]
[WhiteElo "1785"]
[BlackElo "1645"]
[PlyCount "37"]
[EventDate "1995.??.??"]
[EventType "swiss"]
[EventRounds "9"]
[EventCountry "AUT"]
[SourceTitle "EXT 2000"]
[Source "ChessBase"]
[SourceDate "1999.11.16"]
[SourceVersion "1"]
[SourceVersionDate "1999.11.16"]
[SourceQuality "1"]

1. d4 Nf6 2. c4 g6 3. Nc3 Bg7 4. e4 d6 5. Be2 0-0 6. Be3 c6 7. h3 Re8 8. f4 e6 9. e5 dxe5 10. fxe5 Nfd7 11. Nf3 Qb6 12. Qd2 Qc7 13. 0-0 Bf8 14. Ne4 Be7 15. Nfg5 Bxg5 16. Bxg5 Rf8 17. Bd1 Re8 18. Nf6+ Nxf6 19. Bxf6 1-0

[Event "Wattens op 05th"]
[Site "Wattens"]
[Date "1990.07.27"]
[Round "7"]
[White "Pichler, Gerhard"]
[Black "Embacher, Gregor"]
[Result "0-1"]
[WhiteElo "1757"]
[BlackElo "1562"]
[PlyCount "74"]
[EventDate "1990.07.21"]
[EventType "swiss"]
[EventRounds "9"]
[EventCountry "AUT"]
[SourceTitle "EXT 2006"]
[Source "ChessBase"]
[SourceDate "2005.11.24"]
[SourceVersion "1"]
[SourceVersionDate "2005.11.24"]
[SourceQuality "1"]

1. Nf3 Nf6 2. g3 d5 3. d4 c6 4. Bg2 Bf5 5. 0-0 e6 6. Bg5 Nbd7 7. Nbd2 h6 8. Bxf6 Nxf6 9. c4 Be7 10. Qb3 Qd7 11. Ne5 Qc7 12. Rac1 Qb6 13. Qxb6 axb6 14. a3 0-0 15. cxd5 exd5 16. Rc3 b5 17. b4 Ra4 18. Nd3 Rfa8 19. Nb1 Ne4 20. Rb3 Nf6 21. Rc1 Nd7 22. Rcc3 Nb6 23. Nb2 R4a6 24. Nd3 Nc4 25. f3 Bf6 26. e3 Nxe3 27. Nc5 Nd1 28. Nxa6 Nxc3 29. Nc7 Bxd4+ 30. Kf1 Rc8 31. Nxc3 Rxc7 32. Ne2 Bf6 33. Ke1 Re7 34. Kd2 Bc2 35. Nc1 Bxb3 36. Nxb3 Bb2 37. Bf1 Bxa3 0-1